Initiales du bonheur en images A-Z - Statistiques

Statistiques générales
  • Ce quiz a été pris 109 fois
  • Le résultat moyen est 12 sur 23
Statistiques - réponses
Par images Hint Réponse % Correct
ZZ Zinedine Zidane
97%
DD Didier Deschamps
96%
OO Oui-Oui
95%
FF François Fillon
93%
KK Kim Kardashian
91%
MM Mimie Mathy
84%
AA Alexandre Astier
78%
CC Claudio Capéo
72%
WW Walter White
68%
JJ Joyce Jonathan
65%
LL Laurent Laffitte
60%
SS Steven Spielberg
49%
PP Pierre Perret
47%
TT Thomas Tuchel
42%
GG Guillaume Gallienne
38%
QQ Quirinus Quirrel
38%
RR Robert Redford
34%
II Isabelle Ithurburu
25%
BB Bertrand Blier
24%
VV Viktor Vincent
20%
HH Herbert Hoover
13%
EE Éric Elmosnino
12%
NN Noël Noël
3%
Aucun quiz correspondant
Distribution des résultats
% des personnes avec chaque résultat
Percentile par nombre de réponses
Votre historique - résultats
Vous n’avez pas pris ce quiz